000 00330nam a2200145Ia 4500
005 20251222141809.0
008 251222s9999||||xx |||||||||||||| ||spa||
020 _a978-612-002-0257-5
082 _a005.73/C82A
100 _aCortez Vásquez, Augusto
245 0 _aAlgoritmia
250 _a1ra.
264 _bESVEGA
942 _cLIB
999 _c6399
_d6399